[Event "Tanglin op"]
[Site "Singapore"]
[Date "2022.05.31"]
[Round "6"]
[White "Liew, Tze Chi"]
[Black "Palaniappan, Adhi Somu"]
[Result "1-0"]
[WhiteElo "1356"]
[BlackElo "1025"]
[PlyCount "101"]
[EventDate "2022.05.28"]
[EventType "swiss"]
[EventRounds "9"]
[EventCountry "SIN"]
[SourceTitle "CBM 208 Extra"]
[Source "ChessBase"]
[SourceDate "2022.07.31"]
[SourceVersion "1"]
[SourceVersionDate "2022.07.31"]
[SourceQuality "1"]

1. e4 e5 2. Nc3 Nf6 3. Bc4 Bc5 4. d3 h6 5. Nf3 Nc6 6. Be3 Bb6 7. h3 d6 8. Qd2 Qe7 9. Nd5 Nxd5 10. exd5 Na5 11. Bb5+ Bd7 12. Bxd7+ Qxd7 13. b4 Bxe3 14. fxe3 e4 15. Nh2 Nc6 16. dxc6 Qxc6 17. 0-0 0-0 18. Rf4 f5 19. Raf1 Qd5 20. c4 Qxd3 21. Qxd3 exd3 22. Rd4 Rae8 23. Rxd3 Re4 24. Rf4 Rfe8 25. Kf2 Rxf4+ 26. exf4 Re4 27. Rc3 Rxf4+ 28. Nf3 g5 29. g3 Re4 30. Nd2 Re7 31. Re3 Rf7 32. Re8+ Kg7 33. Ra8 a6 34. Rb8 c6 35. Nb3 Rc7 36. Rd8 c5 37. bxc5 dxc5 38. Rd5 b6 39. Rxf5 Kg6 40. Rd5 Rf7+ 41. Kg2 Rf6 42. Nd2 Kf7 43. g4 Kg6 44. a4 a5 45. Ne4 Re6 46. Rd6 Kf7 47. Rxe6 Kxe6 48. Kf3 Ke5 49. Ke3 Ke6 50. Nc3 Ke5 51. Nd5 1-0